Underground waters of southern Maine, (Record no. 24820)

MARC details
000 -LEADER
fixed length control field 01082cam a22003011 4500
001 - CONTROL NUMBER
control field gs 09000115
003 - CONTROL NUMBER IDENTIFIER
control field DLC
005 - DATE AND TIME OF LATEST TRANSACTION
control field 20260227111308.0
007 - PHYSICAL DESCRIPTION FIXED FIELD--GENERAL INFORMATION
fixed length control field cr_|||||||||||
008 - FIXED-LENGTH DATA ELEMENTS--GENERAL INFORMATION
fixed length control field 720327s1909 dcuab 000 0 eng
010 ## - LIBRARY OF CONGRESS CONTROL NUMBER
LC control number gs 09000115
035 ## - SYSTEM CONTROL NUMBER
System control number (OCoLC)270849
040 ## - CATALOGING SOURCE
Original cataloging agency DLC
Transcribing agency ODaWU
Modifying agency NmSoI
-- DLC
042 ## - AUTHENTICATION CODE
Authentication code premarc
050 00 - LIBRARY OF CONGRESS CALL NUMBER
Classification number TC801
Item number .U2 no. 223
051 ## - LIBRARY OF CONGRESS COPY, ISSUE, OFFPRINT STATEMENT
Classification number GB1025.M2
Item number C6
086 0# - GOVERNMENT DOCUMENT CLASSIFICATION NUMBER
Classification number I 19.13:223
100 1# - MAIN ENTRY--PERSONAL NAME
Personal name Clapp, Frederick G.
Fuller form of name (Frederick Gardner),
Dates associated with a name 1879-1944.
245 10 - TITLE STATEMENT
Title Underground waters of southern Maine,
Statement of responsibility, etc. by Frederick G. Clapp, with Records of deep wells by W.S. Bayley.
260 ## - PUBLICATION, DISTRIBUTION, ETC.
Place of publication, distribution, etc. Washington,
Name of publisher, distributor, etc. Govt. Print. Off.,
Date of publication, distribution, etc. 1909.
300 ## - PHYSICAL DESCRIPTION
Extent 268 p.
Other physical details illus., maps (part col., part fold.)
Dimensions 23 cm.
490 1# - SERIES STATEMENT
Series statement Water-supply paper,
Volume/sequential designation 223
530 ## - ADDITIONAL PHYSICAL FORM AVAILABLE NOTE
Additional physical form available note Also available in digital form on the Internet Archive Web site.
650 #0 - SUBJECT ADDED ENTRY--TOPICAL TERM
Topical term or geographic name entry element Groundwater
Geographic subdivision Maine.
700 1# - ADDED ENTRY--PERSONAL NAME
Personal name Bayley, William Shirley,
Dates associated with a name 1861-1943.
830 #0 - SERIES ADDED ENTRY--UNIFORM TITLE
Uniform title Water-supply paper (Geological Survey (U.S.)) ;
Volume/sequential designation no. 223
856 41 - ELECTRONIC LOCATION AND ACCESS
Uniform Resource Identifier <a href="http://hdl.loc.gov/loc.gdc/scd0001.0019953659A">http://hdl.loc.gov/loc.gdc/scd0001.0019953659A</a>

No items available.

Powered by Koha